| 000 | 00580cam a2200217 4500 | ||
|---|---|---|---|
| 001 | ABS62242 | ||
| 008 | 000000n2000 000 0 eng u | ||
| 035 | _a(Sirsi) u105848 | ||
| 100 | _aDyson, H. | ||
| 245 | _aInfant owners of French property | ||
| 260 | _c2000 | ||
| 490 |
_aSolicitors` Journal _v144(16 28 April 2000, 398-399(2) |
||
| 520 | _aLooks at the legal position of English infant property owners in France. | ||
| 590 | _aABS | ||
| 650 | _aMINORS | ||
| 650 | _aCHILDREN | ||
| 650 | _aFRANCE | ||
| 650 | _aPROPERTY LAW | ||
| 690 | _aPROPERTY | ||
| 942 | _n0 | ||
| 999 |
_c63388 _d63388 |
||